000 00768nam a22002292 4500
001 0000004885
005 20151217151944.0
008 070531s xx 000 0 eng d
020 _cKES 304
040 _aKABU
_cKABU
050 0 _aRA644
_b.A25M87 2001
100 1 _aMuraah, William M.
_@0000155799
245 1 0 _aHIV and AIDS :
_bfacts that could change your life /
_cby William M. Muraah, William N. Kiarie.
260 _aNairobi :
_bCrystal Hill Limited,
_cc2001.
300 _axii, 149 p. ;
_c21 cm.
650 0 _aAIDS (Disease)
_zKenya.
_@0000155790
700 1 _aKiarie, William N.
_@0000155800
908 _a070531
950 _@1
999 _c6701
_d6701